书目信息 |
| 题名: |
20世纪聚焦1900-1999
|
|
| 作者: | 陶德言 主编 | |
| 分册: | ||
| 出版信息: | 杭州 浙江人民出版社 2000.01 |
|
| 页数: | 872页 | |
| 开本: | 16开 | |
| 丛书名: | ||
| 单 册: | ||
| 中图分类: | K105 | |
| 科图分类: | 105 | |
| 主题词: | 世界史:通史 | |
| 电子资源: | ||
| ISBN: | 7-213-02017-X | |
| 000 | 00571nam0 2200205 45 | |
| 001 | 0012010940 | |
| 005 | 20001201093224.8 | |
| 010 | @a7-213-02017-X@d120.00元 | |
| 100 | @a20001201d2000 km y0chiy0120 ea | |
| 101 | 0 | @achi |
| 105 | @a z 000yy | |
| 200 | 1 | @a20世纪聚焦1900-1999@A20 Shi Ji Ju Jiao 1900-1999@f陶德言主编@FTao De Yan Zhu Bian |
| 210 | @a杭州@c浙江人民出版社@d2000.01 | |
| 215 | @a872页@d16开 | |
| 606 | 0 | @a世界史:通史 |
| 690 | @aK105@v3 | |
| 692 | @a105 | |
| 701 | 0 | @a陶德言@4主编 |
| 801 | @aCN@bPftUser@c20001201 | |
| 905 | @b508965@dK105@eT910@f1 | |
| 20世纪聚焦1900-1999/陶德言主编.-杭州:浙江人民出版社,2000.01 |
| 872页;16开 |
| ISBN 7-213-02017-X:120.00元 |
| ● |
| 相关链接 |
|
|
|
正题名:20世纪聚焦1900-1999
索取号:K105/T910
 
预约/预借
| 序号 | 登录号 | 条形码 | 馆藏地/架位号 | 状态 | 备注 |
| 1 | 508965 | 205089651 | 社科库309/309社科库 103排7列1层/ [索取号:K105/T910] | 在馆 |